000 00329nam a2200121Ia 4500
008 190722s9999 xx 000 0 und d
020 _a978-93-392-0472-3
100 _aSubramanyam, Wild
245 0 _aFinancial Statement Analysis
260 _aNew Delhi
_bMcGraw Hill Education (India) Pvt. Ltd.
_c2014
300 _a685
942 _cBK
999 _c612
_d612